000 01553nam a22004457a 4500
001 000096669
003 CHAP
005 20220817044136.0
008 061208d2006 mx r 00110 spa d
010 _a93135
011 _a94107
035 _a104691
040 _cCHAP
090 _aTesis
100 1 _aCerón Venegas, Isidro.
_921531
245 1 0 _aColecta y caracterización de especies del género Euphorbia del estado de Nayarit /
_c/por Isidro Cerón Venegas.
260 _aChapingo, Méx. :
_bEl autor,
_c2006.
300 _a94 h. :
_bilus.
502 _aTesis (Ing. Agr. Esp. en Fitotecnia) - - UACH. Departamento de Fitotecnia
590 _aALEPH
_b10
_c20130110
_lUCH01
_h1515
590 _aBATCH-UPD
_b10
_c20130110
_lUCH01
_h0511
590 _aBATCH-UPD
_b10
_c20130410
_lUCH01
_h0149
590 _aBATCH-UPD
_b10
_c20130914
_lUCH01
_h0916
590 _aBATCH-UPD
_b10
_c20140324
_lUCH01
_h1500
590 _aBATCH-UPD
_b10
_c20141002
_lUCH01
_h0832
590 _aBATCH
_b00
_c20181121
_lUCH01
_h0759
590 _aCONVERSION
_b10
_c20130109
_lUCH01
_h1352
590 _aE792CSJ
_b10
_c20130604
_lUCH01
_h0855
650 1 4 _aFlor de nochebuena.
_941304
650 1 4 _aFlores
_xNayarit.
_941394
650 1 4 _aPlantas ornamentales.
856 _3Finding aid
_uhttp://10.13.5.2/tesis/104691.pdf
_zTeclea aquí
856 _a1
_n0001509
901 _aBK
905 _aLilia
942 _cCD
942 _n0
949 _aTesis
_bBC
_cTES
_d33724002011389
_eTS1
_h46126
_i104691
_sb
949 _aTesis
_bBC
_cTES
_d33724002011421
_eTS2
_fc.2
_h46127
_i104691
_sb
999 _c93135
_d93135